Experiments in education / (Record no. 41613)

MARC details
000 -LEADER
fixed length control field 00739nam a22002177a 4500
005 - DATE AND TIME OF LATEST TRANSACTION
control field 2010081304544.0
010 ## - LCCN (DPL NO)
LC control number ENG-100211
020 ## - INTERNATIONAL STANDARD BOOK NUMBER
Terms of availability 50.00
035 ## - SYSTEM CONTROL NUMBER
System control number EN-83743
037 ## - SOURCE OF ACQUISITION
Source of stock number/acquisition DBAD/PUB
082 ## - DEWEY DECIMAL CLASSIFICATION NUMBER
Classification number 372.241
100 ## - MAIN ENTRY--PERSONAL NAME
Personal name Raja, K.
245 ## - TITLE STATEMENT
Title Experiments in education /
Statement of responsibility, etc by K. Raja
260 ## - PUBLICATION, DISTRIBUTION, ETC. (IMPRINT)
Place of publication, distribution, etc Chennai
Name of publisher, distributor, etc Kamaleeswaran & Co Publishers
Date of publication, distribution, etc 2007
270 ## - ADDRESS
Address 63, Thoppai Street, Royapuram
City Chennai
Postal code 13
300 ## - PHYSICAL DESCRIPTION
Extent 50p.
Dimensions 21cm (pbk)
650 ## - SUBJECT ADDED ENTRY--TOPICAL TERM
Topical term or geographic name as entry element Art-Study and teaching
650 ## - SUBJECT ADDED ENTRY--TOPICAL TERM
Topical term or geographic name as entry element Teachers
942 ## - ADDED ENTRY ELEMENTS (KOHA)
Source of classification or shelving scheme Dewey Decimal Classification
Item type English Books
Classification part 372.241
Call number suffix RAJ
Holdings
Withdrawn status Lost status Not for loan Collection code Home library Current library Date acquired Source of acquisition Cost, normal purchase price Full call number Barcode Copy number Cost, replacement price Koha item type
    Not For Loan Non-fiction D.B.Act.Division D.B.Act.Division 13/08/2010 DBAD/PUB 50.00 372.241 RAJ EN-83743 1 50.00 English Books

© Delhi Public Library
Hit Counter
free hit counter